Catalog

Record Details

Catalog Search



Kalendarium der Ereignisse im Konzentrationslager Auschwitz-Birkenau 1939-1945 / Danuta Czech ; Vorwort Walter Laqueur ; Deutsch von Jochen August ... [et al.]

Czech, Danuta (Author). August, Jochen (Translator). Laqueur, Walter (Author of introduction, etc.).

Record details

  • ISBN: 3-498-00884-6
  • Physical Description: 1056 s.
  • Edition: 1. Aufl
  • Publisher: Hamburg : Rowohlt, 1989

Content descriptions

Bibliography, etc. Note:
Obsahuje bibliografii a jmenný rejstřík

Available copies

  • 1 of 1 copy available at Common Catalog SPOK.

Holds

  • 0 current holds with 1 total copy.
Show Only Available Copies
Location Call Number / Copy Notes Barcode Shelving Location Status Due Date
Terezin Initiative Institute M 118 4594300118 Knihovna ITI Available -

LDR 00674cam a2200205 a 4500
00125260
003CZ-PrJAB
00520221013113250.0
008971115s1989 gw gr 0 ger
020 . ‡a3-498-00884-6
035 . ‡a(CONS)58
035 . ‡a(CZ PrSKC)zmp000002514
040 . ‡bcze ‡cABE323
1001 . ‡aCzech, Danuta ‡4aut
24510. ‡aKalendarium der Ereignisse im Konzentrationslager Auschwitz-Birkenau 1939-1945 / ‡cDanuta Czech ; Vorwort Walter Laqueur ; Deutsch von Jochen August ... [et al.]
250 . ‡a1. Aufl
260 . ‡aHamburg : ‡bRowohlt, ‡c1989
300 . ‡a1056 s.
504 . ‡aObsahuje bibliografii a jmenný rejstřík
7001 . ‡aAugust, Jochen ‡4trl
7001 . ‡aLaqueur, Walter ‡4aui
8524 . ‡bJACH-ITI ‡bJACH-ITI ‡cKnihovna ITI ‡jM 118 ‡pM118 ‡y$0.00
910 . ‡aABE340 ‡b118
995 . ‡a\ ‡askok
901 . ‡a25260 ‡bISxN ‡c25260 ‡tbiblio

Additional Resources